Daily gospel 2005: (Record no. 1143)

MARC details
000 -LEADER
fixed length control field 00613nam a22001937a 4500
008 - FIXED-LENGTH DATA ELEMENTS--GENERAL INFORMATION
fixed length control field 191017b ||||| |||| 00| 0 eng d
017 ## - LEGAL DEPOSIT NUMBER
Legal deposit number 2008-387
020 ## - INTERNATIONAL STANDARD BOOK NUMBER
ISBN 9175013120
040 ## - CATALOGING SOURCE
Original cataloging agency NLN
Language of cataloging English
110 ## - MAIN ENTRY--CORPORATE NAME
Corporate name or jurisdiction name as entry element CLARETIAN Communications (Clacom)
245 ## - TITLE STATEMENT
Title Daily gospel 2005:
Remainder of title reading and commentary
Statement of responsibility, etc Claretian Communications (Clacom)
260 ## - PUBLICATION, DISTRIBUTION, ETC. (IMPRINT)
Place of publication Owerri, Imo State (Nigerian Province, PMB 1019) :
Name of publisher Claretian Communications (Clacom) ) ,
Date of publication 2005.
300 ## - COLLATION
Other physical details :ill. ;14cm.
563 ## - BINDING INFORMATION
Binding note (pbk)
650 ## - TRACINGS
Main Subject Devotional calendars/
942 ## - ADDED ENTRY ELEMENTS (KOHA)
Item type Books
050 ## - LIBRARY OF CONGRESS CALL NUMBER
Classification number BV4811
Item number .C592
082 ## - DEWEY DECIMAL CLASSIFICATION NUMBER
Classification number 242.2
Holdings
Source of classification or shelving scheme Not for loan Home library Current library Date acquired Accession No. Full call number Barcode. Koha item type
Library of Congress Classification   LAGOS BRANCH National Library of Nigeria 17/10/2019 77440 BV4811 .C592 2019-2927 Books

National Library of Nigeria OPAC is powered by Koha